00849naa#a2200169#i#4500001002200000005001700022011001400039100004100053102000700094200024900101210016900350215001100519608004500530675003200575700005800607856001400665RU\INFRA-M\bibl\9313320260511174430.1##a2500-0543##a20250312b2025####ek#y0rusy0150####ca##aRU1#aЛичностные предикторы склонности экстремальных добровольцев к сохранению служебной информации и их диагностикаeЖурнальная статья1#aМоскваcОбщество с ограниченной ответственностью «Научно-издательский центр ИНФРА-М»d2025##a14 с.##aЖурнальная статья2local##aПсихология. 159.9#1aПетровgВладислав Евгеньевич4#azh-szf.ru